000 00253nam a22001097a 4500
082 _a510
100 _aRanjan,Aditya SIr
_983074
245 _aSSC MATHS Chapter wise 6000+ TCS MCQs
260 _bAditya Ranjan
_c2024
650 _aMaths
942 _cC. BOOKS
999 _c67844
_d67844